[Event "NED-ch55"]
[Site "Rotterdam"]
[Date "2000.05.14"]
[Round "7"]
[White "Van der Wiel, John"]
[Black "Van den Doel, Erik"]
[Result "0-1"]
[WhiteElo "2558"]
[BlackElo "2522"]
[Annotator "Mikhalevski,V"]
[PlyCount "73"]
[EventDate "2000.05.07"]
[EventType "tourn"]
[EventRounds "11"]
[EventCountry "NED"]
[EventCategory "12"]
[SourceTitle "CBM 077"]
[Source "ChessBase"]
[SourceDate "2000.07.27"]
[SourceVersion "1"]
[SourceVersionDate "2000.07.27"]
[SourceQuality "1"]

1. e4 e5 2. Nf3 Nc6 3. d4 exd4 4. Nxd4 Nf6 5. Nxc6 bxc6 6. e5 Qe7 7. Qe2 Nd5 8.
c4 Nb6 9. Nc3 Qe6 10. Qe4 Ba6 11. b3 O-O-O $5 {Latest fashion.This Adam's
novelty may become popular in the nearest future as not everyone likes to
defend the endgame reached in Kasparov-Timman,Wijk aan Zee NED 2000(see below).
} ({Serious theoretical duel in Kasparov's 14.Qh4! didn't bring final results
yet,but it's clear that White is slightly better in the endgame.} 11... Bb4 12.
Bd2 Bxc3 13. Bxc3 d5 14. Qh4 $1 (14. Qf3 $143 {Ponomariov,R-Spassky,B/Cannes
1998/CBM 65/[Mikhalevski,V]/1/2-1/2 (58)}) 14... dxc4 15. Be2 Nd5 16. Bxc4 $1 (
16. Bd4 $6 Qf5 $1 $146 (16... c5 $143 17. Bxc5 Nc3 18. Bxc4 Qxe5+ 19. Be3 Ne4
20. O-O Bxc4 21. bxc4 O-O 22. Rfe1 Rfe8 23. f3 Nd6 24. Bf2 Qf5 25. c5 Nb5 26.
Qb4 Qd3 27. Red1 a5 28. Qa4 Qe2 29. Re1 Qd3 30. Rxe8+ Rxe8 31. Rd1 {1-0
Kasparov,G-Adams,M/Sarajevo 1999/CBM 71/[Mikhalevski,V] (31)}) 17. O-O Nf4 18.
Bf3 O-O 19. Rfd1 cxb3 20. Re1 Rfd8 21. Be4 Rxd4 22. Bxf5 Ne2+ 23. Rxe2 Rxh4 24.
Rd2 g6 25. axb3 Bb5 26. Bc2 Rb4 27. Rad1 c5 28. g3 c4 29. bxc4 Rxc4 30. Bb3 Rc3
$17 {0-1 Morozevich,A-Piket,J/KasparovChessGP 2000/CBM76[Mikhalevski,V] (67)})
16... g5 17. Qd4 Bxc4 18. Qxc4 Nf4 19. Qxe6+ Nxe6 20. O-O-O $14 {1-0 Kasparov,
G-Timman,J/Wijk aan Zee NED 2000/CBM75[Mikhalevski](36)}) 12. c5 $6 $146 {
[%mdl 8] An attempt to improve on Kasparov's 12.Bb2.As I rightly indicated in
my comments of Kasparov-Adams/KasparovChessGP2000(see below) it doesn't
promise much.It's interesting that both players followed my analyse to the 17.
Nc5} (12. Bb2 Bb7 13. O-O-O Re8 14. f4 d5 15. cxd5 cxd5 16. Qc2 Kb8 $1 17. Kb1
g6 18. Be2 c5 19. Bf3 Be7 20. g4 d4 21. Bxb7 Kxb7 22. Ne4 Rc8 23. Qg2 Kb8 24.
Rhe1 h5 25. g5 Rhd8 26. Qf3 Qf5 27. Ka1 Nd5 28. Nd6 Rxd6 $6 (28... Bxd6 $142 {
Shipov} 29. Qxd5 Be7 30. Qe4 Qxe4 31. Rxe4 $11 {and an arisen endgame is about
equal.}) 29. exd6 Bxd6 30. Re4 $1 {1-0 Kasparov,G-Adams,M/Internet 2000/CBM76
[Mikhalevski,V] (77)}) 12... Bxf1 13. cxb6 d5 $1 {The key-position of 12.
c5-line.Here White has a wide choice of continuations,but it seems that draw
is the maximum result for him.} 14. exd6 (14. Qf4 $6 Bxg2 15. bxa7 (15. Rg1
$143 Bd6 $1 16. bxa7 Bxe5 $1 (16... Kd7 {see 15.ba})) 15... Kd7 $1 16. Rg1 Bd6
$1 17. Na4 $1 Qxe5+ 18. Qxe5 Bxe5 19. Bb2 Bxb2 20. Nxb2 Be4 $15 {[%csl Ra7]
[%cal Gd8a8,Ge4g6]}) (14. bxa7 $5 Kb7 (14... dxe4 $5 15. a8=Q+ Kd7 16. Qa5 Bxg2
17. Bg5 $1 {[%cal Ge1c1]} Rc8 $1 18. Rd1+ (18. O-O-O+ Ke8 19. Rhg1 Bf3 $13)
18... Ke8 19. Rg1 (19. Qxc7 $2 f6 $1) 19... Bf3 $13) 15. Qf4 $1 (15. Qf3 $2
Bxg2 $1 16. Qxg2 Qxe5+ 17. Kd2 Bb4 18. Bb2 d4 $19) 15... Bxg2 16. Rg1 Bh3 $13 (
{Now} 16... Bd6 $2 {doesn't work as black king is on b7 instead of d7 as in
the line 14.Qf4?! B:g215.ba Kd7!16.Rg1 Bd6!} 17. Rxg2 Bxe5 18. Qb4+ Ka8 19. Kf1
$18)) (14. Qf3 Ba6 (14... Bxg2 15. Qxg2 (15. b7+ $2 Kxb7 16. Qxg2 Qxe5+ 17. Kd2
Bb4 $19 {[%cal Gd5d4]}) 15... Qxe5+ 16. Kd2 cxb6 $44 (16... Bb4 $2 17. Qg4+ {
[%csl Rb4,Rc8]})) 15. bxa7 Qxe5+ (15... Kb7) 16. Qe3 Qxe3+ 17. Bxe3 Kb7 18.
O-O-O $1 $13 {[%csl Rc5][%cal Gc3a4]}) 14... Qxe4+ 15. Nxe4 Bxg2 16. bxa7 Kb7 (
16... Kd7 $2 17. Nc5+ Kxd6 (17... Ke8 18. d7+ Ke7 19. Rg1 $18) 18. Nb7+ $18 {
[%csl Rd6,Rd8]}) 17. Nc5+ Ka8 $1 {Only now Black deviates from my analysis.} (
17... Kxa7 {is sufficient only for a draw:} 18. Be3 $1 (18. Rg1 cxd6 (18...
Bxd6 $2 19. Be3 {[%csl Ra7,Rd8,Rg2][%cal Gc5e6]}) 19. Rxg2 dxc5) 18... Bxh1 19.
Ne6+ Ka6 20. Nxd8 Bxd6 $1 (20... cxd6 $143 21. Nxf7 $5 (21. Rc1 c5 22. Nxf7 Rg8
) 21... Rg8 22. Bf4 $1 d5 $140 (22... g5 $5) 23. Ke2 Be4 24. Rc1 Kb6 (24... Kb7
25. Nd8+) 25. Ne5 {[%csl Rc6][%cal Ge5d7]} c5 26. Nd7+ Kb5 27. Bd2 $3 {[%cal
Ga2a4]} d4 28. a4+ Kc6 29. Nxc5 $1 Bxc5 30. b4 d3+ 31. Ke1 $16) 21. Nxf7 Re8
22. Nxd6 cxd6 23. O-O-O Bd5 $11) 18. Rg1 Bd5 $1 {The point of Ka8.Now Be3 is
not dangerous.} 19. Be3 (19. dxc7 $6 Re8+ 20. Be3 Rxe3+ (20... Bxc5 $2 21.
c8=Q+ Rxc8 22. Bxc5) 21. fxe3 Bxc5 22. Rxg7 Bxe3 23. Rxh7 (23. Rd1 {[%cal
Gg7f7]} Rc8 (23... Bb6 $5)) 23... Rc8 $17) 19... Bxd6 $1 (19... cxd6 20. Na4 $1
{[%cal Ga4b6]} (20. Na6 Kb7) 20... Be6 21. Nb6+ $5 Kxa7 22. Nd7+ Kb7 23. Nxf8
Rhxf8 24. Rxg7 Rg8 25. Rxg8 Rxg8 26. O-O-O $11) 20. O-O-O $2 {[%mdl 16384]
Probably the only serious mistake.} ({It was necessary to keep the h-pawn:} 20.
h3 $5 Rhe8 21. Rc1) 20... Bxh2 21. Rxg7 h5 $15 {[%csl Yd5,Yh2,Gh5][%cal Gh5h2]
/-/+} 22. Nd3 h4 (22... Bd6 $5) 23. Nf4 h3 {[%cal Gh2f4,Gh3h2]} (23... Bxf4)
24. Nxd5 $8 cxd5 25. Rh1 (25. Rxf7 Bd6 26. Rh1 h2 27. Kc2 (27. Rg7 Rdg8 28.
Rxg8+ Rxg8 29. f3 Rg2 $19) 27... Rdg8 $17 28. f3) 25... Bd6 26. f4 (26. Rxf7 {
see 25.R:f7}) 26... Rde8 $1 $17 27. Bd2 Re2 (27... Kxa7 $5 $17) 28. Kd1 Rf2 29.
Ke1 Bc5 $1 (29... Rxd2 30. Kxd2 Bxf4+ $15) 30. Rg5 h2 $1 31. Bc3 (31. Kd1 c6
$19 {[%cal Gh8h3,Gh8e8]}) 31... Re8+ 32. Kd1 (32. Re5 Rxe5+ 33. Bxe5 Rg2 $19)
32... Rxa2 (32... Re3 $5) 33. Rxd5 Rg8 $1 $19 {[%cal Gg8g1]} 34. Rxh2 Rxh2 (
34... Rg1+ $142 $5 35. Be1 Ra1+ 36. Kd2 (36. Kc2 Raxe1 37. Rxc5 $140 Rc1+ {
[%csl Rc5]}) 36... Bb4+ $19) 35. Rxc5 Rg1+ 36. Be1 Rb2 (36... Ra2 $5 37. Re5
Rf1 38. f5 (38. Re7 Rxf4 39. Rxc7 Rd4+ 40. Kc1 Ra1+ $19) 38... Kxa7 $19) 37.
Rxc7 {Very well played by Van den Doel!} (37. Re5 $8 $19 {was the very last
chance}) (37. Rxc7 Rb1+) 0-1

[Event "Sarajevo Bosnia 30th"]
[Site "Sarajevo"]
[Date "2000.05.17"]
[Round "1"]
[White "Kasparov, Garry"]
[Black "Bacrot, Etienne"]
[Result "1-0"]
[WhiteElo "2851"]
[BlackElo "2594"]
[Annotator "Mikhalevski,V"]
[PlyCount "77"]
[EventDate "2000.05.17"]
[EventType "tourn"]
[EventRounds "11"]
[EventCountry "BIH"]
[EventCategory "19"]
[SourceTitle "CBM 077"]
[Source "ChessBase"]
[SourceDate "2000.07.27"]
[SourceVersion "1"]
[SourceVersionDate "2000.07.27"]
[SourceQuality "1"]

{[%mdl 32]} 1. e4 e5 2. Nf3 Nc6 3. d4 exd4 4. Nxd4 Nf6 5. Nxc6 bxc6 6. e5 Qe7
7. Qe2 Nd5 8. c4 Ba6 9. b3 g6 10. f4 Qb4+ 11. Bd2 Qb6 12. Qe4 {All following
Kasparov's comments are taken from his "Express" on "Kasparov Chess" site.
Kasparov:"Since my match with Short (1993) I haven't decided yet what is
better - 12.Qe4 or 12.Qf3."} f5 13. Qf3 Qd4 ({Kasparov:"Sharp and unclear is} 
13... Nb4 14. Kd1 {"} (14. Bxb4 Bxb4+ 15. Nc3 Qd4 16. Rc1 Bb7 17. Be2 c5 18.
Qxb7 Bxc3+ 19. Rxc3 Qxc3+ 20. Kf2 Qd4+ 21. Kf3 Qe4+ 22. Qxe4 fxe4+ 23. Kxe4 c6
24. Rd1 a5 25. Bf3 a4 26. e6 Rd8 27. Rd6 Ke7 28. Ke5 {Gonczi,J-Turzo,A/HUN
1999/EXT 2000/0-1 (53)})) 14. Nc3 Nxc3 15. Bxc3 $1 $146 {[%mdl 8] This is much
better than 15.Q:c3 as it forces Black to exchange the dark-squared bishops
and leaves him with a bad one on a6.} (15. Qxc3 Qxc3 16. Bxc3 Bg7 17. O-O-O c5
18. Kc2 O-O-O 19. Bd3 Bb7 20. Rhg1 d6 21. exd6 {1/2-1/2 Ivanov,V-Mishuchkov,N/
Cherepovets 1993/EXT 97 (21)}) 15... Bb4 ({Unacceptable is} 15... Qe4+ $2 16.
Qxe4 fxe4 17. e6 Rg8 18. exd7+ Kxd7 19. O-O-O+ Ke6 (19... Kc8) 20. g3 {[%csl
Rc6,Rc7,Re4,Re6][%cal Gf1h3,Gf1g2] with total disaster.}) 16. Rc1 Bxc3+ 17.
Rxc3 {[%cal Gc4c5] Kasparov: "White wins the battle in the opening. Q-side
castling doesn't look great but Black doesn't have real alternatives."} O-O-O
$6 {[%mdl 16384] In my opinion this is the first cause of following troubles.}
(17... Qc5 $1 {Black had to prevent c5.This is the only way to do so.} 18. Qe3
$140 (18. Be2 $5) 18... Qxe3+ 19. Rxe3 c5 {[%cal Ga6b7]}) (17... c5 $4 {
doesn't work as after} 18. Qxa8+ Ke7 {White returns to f3 preventing perpetual
check.} 19. Qf3 $18 ({But not} 19. Qxh8 $4 Qxc3+ {and white king can't escape
from endless checks:} 20. Kd1 Qa1+ 21. Kd2 Qb2+ 22. Ke1 Qc3+ 23. Ke2 (23. Kf2
Qd4+ 24. Kg3 $140 $4 Qe3+ 25. Kh4 Qxf4+ 26. Kh3 Qg4#) 23... Qb2+ 24. Ke3 Qd4+))
18. c5 $1 {Kasparov:"Stronger than} (18. Rd3 Qc5 ({Mikhalevski,V} 18... Qa1+ $6
19. Rd1 Qxa2 $140 $2 (19... Qb2 $142) 20. Qc3 {[%csl Ra2,Ra6][%cal Gd1a1]}) 19.
Qf2 Qxf2+ 20. Kxf2 d6 {and Black has good chances to equalize."}) 18... Bb7 $6
{[%csl Rb7] Kasparov:"This move is maybe dubious but to trade bishops can
hardly be better.Bacrot said that he hadn't liked it at all. For Black all the
following endgames are nothing but boring and very difficult struggles for a
draw:} (18... Bxf1 19. Rxf1 g5 ({In case of} 19... d6 {(19...d5)White gets the
advantage after} 20. cxd6 cxd6 ({Mikhalevski,V I think Kasparov meant} 20...
Rxd6 $1 21. Rf2 (21. exd6 $4 Re8+ {[%csl Re1]}) 21... Rd5 22. g3 Rhd8 23. Kf1 {
[%csl Rc6,Rc7][%cal Gf1g2] Mikhalevski:I think Black had to make up his mind
playing a worse endgame after} Qd1+ {as after 18...Bb7?! Additionally to a
worse pawn structure Black has a bad bishop.}) 21. exd6 Rxd6 ({Mikhalevski,V} 
21... Rhe8+ $19) 22. Rf2 Rd5 23. g3 Rhd8 24. Kf1 {and the King escapes via g2.
White is definitely better}) 20. Rc4 (20. Qd3 {is also good}) 20... Qa1+ (20...
Qb2 21. Qe2 $16) 21. Kf2 Qxa2+ 22. Kg1 $16 {[%csl Rc8][%cal Gc4a4] "}) 19. Qe3
$1 Qxe3+ (19... Qb4 {Nikitin [Bacrot's trainer; in the past - Garry's main
coach - KC news team] recommended this move as the only way of active defense.
He is probably right but White is still better after} 20. Kf2 d6 21. Rc4) 20.
Rxe3 $16 d6 21. Bc4 Kd7 {Kasparov:"The only move, otherwise the advance of
White's e-pawn would be decisive."} ({Probably Garry means} 21... dxc5 {
(Otherwise e6 would be met by d5.)} 22. e6 {[%cal Ge6e7,Gc4f7]} Rhe8 23. e7 Rd7
24. Be6 Rexe7 25. Bxd7+ Rxd7 26. Re8+ $18) 22. h4 d5 ({Kasparov:"If} 22... dxe5
23. Rxe5 Rhe8 24. Rxe8 Rxe8+ 25. Kf2 {[%csl Rb7,Gc4] and the remaining rooks
will be traded soon. The bishop endgame is completely lost for Black."}) 23.
Bd3 {[%csl Rg6][%cal Gh4h5,Ge3g3]} ({Kasparov:"Much more precise is} 23. Be2 $1
{(Mikhalevski,V Leaving the third rank open for his rook)} h5 24. Rg3 Rh6 25.
b4 {[%cal Gg3a3] without wasting time."}) 23... h5 {Kasparov:"Trying to block
the position."} 24. Rg3 {[%csl Rg6]} Rh6 $1 ({Kasparov:"} 24... Rhg8 25. Rg5 {
[%csl Rf5,Rg6,Rh5][%cal Gg2g4] with a further g2-g4."}) 25. b4 $1 {Kasparov:
"This was necessary; otherwise Black would play a6-a5."} Ke6 ({Kasparov:"Bad is
} 25... a5 26. b5 cxb5 27. Bxb5+ {and Black is going to collapse on the Q-side.
Bacrot preferred passive defense. It was relatively better: before the time
control I had to choose a winning strategy.One opportunity was step-by-step to
prepare b4-b5 but I preferred a breakthrough on the K-side. After some
maneuvers I managed to do it. It was important to move the king to d4, as is
shown below."} {Mikhalevski,V Important nuance is} Bc6 $2 28. e6+ {Otherwise
Black is OK.}) 26. Kd2 {[%csl Ra7][%cal Gh1b1,Gb1b3,Gb3a3] Garry's plan is
quite clear:he is going to bring his h-rook to the a-file pinning Black down
to the defence of the a-pawn.Then he improves his position bringing the king
on d4, moving the rook from g3 to g5 and finally putting his bishop on e2.When
everything is ready the rook via a3 will be brought to g3 and finally
combination decides the game.In fact Black is doomed on passive defence and
can't do much preventing White's plan.} Ra8 27. Rb1 a6 28. Rb3 Kf7 29. Ra3 Rhh8
30. Rg5 Rh6 31. Kc3 Rb8 32. Ra5 Ra8 33. Kd4 Rhh8 34. Bc2 {Garry is not in
hurry.} Rab8 35. Bd3 Ra8 ({Doesn't save} 35... Bc8 36. a3 Ra8 37. b5 cxb5 38.
Bxb5 Bb7 39. Ba4 {[%cal Gc5c6]} c6 40. Rg3 $18 {[%csl Ra6,Rc6][%cal Gg3b3]})
36. Be2 {[%csl Ra6,Rf5,Rg6,Rh5][%cal Ga5a3,Ga3g3] Ideal square for the bishop.
From here both black weaknesses are attacked.} Rhb8 {Maybe Black should leave
his rook on the h-file preventing immediate loss,but certainly it couldn't
save.} 37. Ra3 $18 {[%csl Rg6][%cal Ga3g3] Everything is ready.} Rh8 ({Kasparov
} 37... Bc8 38. Rag3 $1 Rxb4+ 39. Kc3 Rxf4 40. Rxg6 $18 {[%csl Rc6,Rc7,Rf7]
[%cal Ge2h5]}) 38. Rag3 Rag8 ({Kasparov:"Or} 38... Rh6 39. Rxg6 Rxg6 40. Bxh5
Rag8 41. Rxg6 Rxg6 42. e6+ Kf6 43. e7 {and White wins here.However, if I had
left my king on d2, Black would have checked me with Rxg2!"}) 39. Bxh5 $1 {
Brilliant game of 13-th World Champion played in style of "old masters".} ({
Kasparov} 39. Bxh5 $1 Rxh5 ({Mikhalevski,V} 39... gxh5 40. Rxg8 Rxg8 41. e6+)
40. Rxh5 gxh5 41. e6+ Kf8 42. e7+) 1-0

[Event "KasparovChess GP g/60"]
[Site "Internet"]
[Date "2000.02.17"]
[Round "3.1"]
[White "Kasparov, Garry"]
[Black "Adams, Michael"]
[Result "1-0"]
[WhiteElo "2851"]
[BlackElo "2715"]
[Annotator "Mikhalevski,V"]
[PlyCount "153"]
[EventDate "2000.02.09"]
[EventType "k.o."]
[EventRounds "4"]
[EventCountry "NET"]
[SourceTitle "CBM 076"]
[Source "ChessBase"]
[SourceDate "2000.05.31"]
[SourceVersion "1"]
[SourceVersionDate "2000.05.31"]
[SourceQuality "1"]

1. e4 e5 2. Nf3 Nc6 3. d4 exd4 4. Nxd4 Nf6 5. Nxc6 bxc6 6. e5 Qe7 7. Qe2 Nd5 8.
c4 Nb6 9. Nc3 Qe6 10. Qe4 Ba6 11. b3 O-O-O ({This time Adams doesn't want to
check Kasparov's analyse in the} 11... Bb4 {-line which they played in
Sarajevo1999 (see CBM 71[Mikhalevski]) and comes with a new approach.
Information concerning 11...Bb4 you can also find in CBM76 (Morozevich-Piket,
KasparovChess GP g/5)}) 12. Bb2 ({Immediate} 12. c5 {doesn't promise much in
view of} Bxf1 13. cxb6 d5 $1 14. exd6 (14. Qf4 Bxg2 15. bxa7 Kd7 $1 16. Rg1 Bd6
$1 17. Na4 Qxe5+ 18. Qxe5 Bxe5 19. Bb2 Bxb2 20. Nxb2 Be4 $15) 14... Qxe4+ 15.
Nxe4 Bxg2 16. bxa7 Kb7 17. Nc5+ Kxa7 18. Rg1 cxd6 19. Rxg2 dxc5) 12... Bb7 {
After 12.Bb2 the threat of c5 should be taken in consideration} 13. O-O-O Re8
14. f4 d5 15. cxd5 cxd5 16. Qc2 Kb8 $1 {Prophylaxis.Black takes his king away
from the c-file and f5-c8 diagonal and defends the a7-pawn in case of possible
Nb5.} (16... Qh6 {with the idea} 17. g3 $5 Rxe5 {is strongly met by} 18. Nb5
Re7 19. Be5 {[%csl Rc7] and Black has problems defending his king.}) 17. Kb1 {
[%cal Gc3b5]} (17. Nb5 {would be unprepared attack:} c5 18. f5 Qh6+ 19. Kb1 d4
{[%csl Re5][%cal Gb6d5,Gd5e3,Gd5b4]}) 17... g6 18. Be2 {[%cal Ge2f3]} ({Now} 
18. Nb5 {was interesting,but Garry prefer to complete development.} c6 (18...
c5 $6 19. Nd6 $1 {[%csl Rc5]}) 19. Nd4 (19. f5 Qxf5 20. e6 Qxc2+ 21. Kxc2 cxb5
22. Bxh8 Bd6 $44 {[%cal Gf7e6]}) 19... Qc8 20. Qd2 $1 c5 $140 21. Nb5 {[%cal
Gd2a5] with some advantage.}) 18... c5 19. Bf3 Be7 20. g4 {[%cal Gf4f5] White
is ready for offensive on the king side} d4 21. Bxb7 Kxb7 22. Ne4 {[%cal Ge4c5]
} Rc8 ({After} 22... Qxg4 $2 {Black's structure in the centre collapses.} 23.
Nxc5+ Bxc5 24. Qxc5 Qxf4 25. Rhf1 Qe4+ (25... Qxe5 $2 26. Qxe5 Rxe5 27. Bxd4
$18 {[%csl Re5,Rh8][%cal Gd4h8]}) 26. Ka1 Rhf8 27. Rxd4 Qxe5 28. Rd7+ $1 Nxd7
29. Qb4+ Ka8 30. Bxe5 Nxe5 31. Qe4+ Kb8 32. Rc1 $18 {[%csl Rb8]}) 23. Qg2 (23.
b4 {leads to the position with mutual chances as position of White's king has
been becoming unsecure:} cxb4 24. Qg2 Kb8 25. Rxd4 $13) 23... Kb8 (23... Nd5 $5
24. Nc3 $140 (24. Qf3 $142) 24... Rhd8) 24. Rhe1 h5 25. g5 {White has no
choice.He has to weaken the f5 square,but it's not very dangerous as black
knight can't get there.} (25. h3 $143 $6 Nd5 26. Bc1 hxg4 27. hxg4 Rh4 28. Rg1
g5) 25... Rhd8 26. Qf3 Qf5 {[%cal Gf5b1]} 27. Ka1 {Complicated double-edged
position arises.I'll take a chance to assume that it's about equal.} Nd5 {
Shipov"Probably Kasparov's reaction wasn't the best and Black's position has
become preferable,but then he blundered a simple blow". I disagree with
Shipov's evaluation.I don't think Black was better at any moment of the game.}
28. Nd6 $1 {[%csl Rd5]} Rxd6 $6 {Too optimistic.Black misses strong 30-th move.
Shipov:"In my opinion Adams could refrain from exchange sacrifice:28...B:d629.
Q:d5 Be7 etc.Probably Mickel was fighting for a win and decided that he was
going to win the f4 pawn.} ({In case of} 28... Bxd6 29. Qxd5 Be7 30. Qe4 Qxe4
31. Rxe4 $11 {and an arisen endgame is about equal.}) {But after} 29. exd6 Bxd6
{White found} 30. Re4 $1 {[%csl Rf4] and Adams lost his head"} Qg4 $2 ({
I think Black could try} 30... Bxf4 $5 31. Rf1 Qxg5 32. Rxf4 Qxf4 33. Qxf4+
Nxf4 34. Rxf4 Re8 $1 35. Ba3 $140 (35. Rf1 $5) 35... d3 36. Kb2 Re2+ 37. Kc3
Rxa2 38. Bb2 (38. Bxc5 Rc2+) 38... d2 39. Rf1 a5 40. Rd1 a4 {with some chances
to escape.}) 31. Qf1 $16 {Kasparov avoids a trap and keeps the queen to
exploit an open position of Black's king.} (31. Qxg4 $2 hxg4 32. Bxd4 cxd4 33.
Rexd4 (33. Rdxd4 $2 Ba3 $1) 33... Ne3 {[%cal Ge3d1,Ge3c2]} 34. Rxd6 Nxd1 35.
Rxd1 Rc2 {[%csl Gg4]} 36. Rg1 $8 Rxh2 37. Rxg4 {[%cal Gf4f5]} Rf2 $11) 31...
Bc7 {[%cal Gc7b6] Adams brings his bishop to b6 in order to defend the king
and strengthen a pawn chain.However this plan has a serious drawback:the
e5-square has become available for White's rook.} (31... Bxf4 $2 32. Bc1 $18 {
[%csl Rf4][%cal Ge4g4]}) (31... Nxf4 $2 32. Bc1 {[%csl Rf4][%cal Ge4g4]}) 32.
Rc1 Bb6 33. Re5 {[%csl Ge5]} Ne3 34. Qh1 $1 {[%csl Rb8][%cal Ge5e7] Strong
pawn sacrifice.White starts decisive offensive.} Qxf4 35. Re7 {[%cal Rh1b7]}
Rc7 $8 36. Re8+ $1 Rc8 37. Rxc8+ Kxc8 38. Qc6+ Kd8 39. a4 $1 {[%csl Rc5,Rd4]
[%cal Ga4a5] Now Black can't avoid collapse of his centre.} Qc7 40. Qf6+ $1 {
Winning a central pawn.} (40. Qa8+ $143 Kd7 41. Bxd4 c4 $1) 40... Qe7 41. Bxd4
$1 {[%mdl 64] Decisive blow prepared by series of preparatory moves.Now a
technical position arises and Garry takes it to the logical end.} Qxf6 (41...
cxd4 $2 42. Rc8+ Kd7 (42... Kxc8 43. Qxe7) 43. Qc6#) 42. Bxf6+ {[%mdl 4096]}
Kd7 43. h3 Nd5 44. Rd1 Ke6 45. Re1+ Kd7 46. Be5 Ba5 47. Re2 Bd8 48. h4 Ba5 49.
Kb2 Ne7 50. Bg3 Nf5 51. Bf2 Kc6 52. Re5 Bb4 53. Kc2 Kd6 54. Re8 a5 55. Kd3 Kd7
56. Ra8 Ke6 57. Ra6+ Kd5 58. Rf6 Nd6 59. Be3 c4+ 60. bxc4+ Nxc4 61. Bf4 Nb2+
62. Kc2 Nxa4 63. Rxf7 Nc5 64. Rf6 Be1 65. Rxg6 Bxh4 66. Rd6+ Ke4 67. g6 $18 {
[%csl Gg6][%cal Gg6g8]} Kxf4 {Mickel continue the game as Kasparov was
probably very short of time.} 68. g7 Ne4 69. Rc6 Nf6 70. Rxf6+ Bxf6 71. g8=Q h4
72. Kd3 Bg5 73. Qf7+ Kg3 74. Ke4 h3 75. Qf3+ Kh2 76. Qf2+ Kh1 77. Qg3 {and
mate in three is coming.} 1-0